| 000 | 01634nam a2200409 a 4500 | ||
|---|---|---|---|
| 003 | BLK | ||
| 005 | 20250801101405.0 | ||
| 008 | 180413b bul|||||r ||||||| ||bul|| | ||
| 010 | _aKNG00025669000 | ||
| 020 |
_a954-459-559-7 _q9789544595593 |
||
| 040 | _aBLK | ||
| 041 |
_aBUL _cBUL |
||
| 080 |
_aБългарска литература _b821.163.2 _x-93-34 _z821.163.2-93-34 |
||
| 100 | 1 |
_aПопов, Сава Йорданов _eпърви автор _9266931 |
|
| 139 |
_aПопов, Сава Йорданов _bП 76 |
||
| 245 | 1 | 0 |
_aХитър Петър _bПриказки _cСава Йорданов Попов; худож. Борис Стоилов. |
| 250 | _a6. изд. | ||
| 257 | _aBGR | ||
| 260 |
_aПловдив _bХермес _c1998 _fПловдив : Полиграфия |
||
| 300 |
_a112 с. _bс ил. _c20 см |
||
| 380 | _aDX | ||
| 490 |
_aЗлатно перо : Детско-юношеска класика _9201323 |
||
| 500 | _a1. изд. 1958 на изд. Бълг. писател. - Офс. изд. - 4 060 тир., доп. тир. 2014, 2023 | ||
| 653 | _aХитър Петър | ||
| 653 | _aприказки | ||
| 653 | _aлитература за деца | ||
| 653 | _aдетска литература | ||
| 700 | 1 |
_aСтоилов, Борис _eхудож. _9363618 |
|
| 852 | _aЦб 199149 | ||
| 856 | 4 |
_qpdf _u _i0.00 _ldisable |
|
| 856 | 4 |
_qpdf _u _i0.00 _ldisable |
|
| 942 |
_cKNG _n0 _0308 _s1 |
||
| 944 |
_aCR _c18.06.2003 _lБояна Костадинова _k30551 |
||
| 944 |
_aED _c06.06.2017 _lф / _kЛюдмила_Стоянова |
||
| 999 |
_c23196 _d23196 |
||
| 999 | _d23196 | ||
| 999 | _d23196 | ||